Laufey - Goddess lyrics - Statistics

General Stats
  • This quiz has been taken 20 times
  • The average score is 167 of 188
Answer Stats
Answer % Correct
a
100%
for
100%
fucking
100%
goddess
100%
I
100%
I'm
100%
me
100%
me?
100%
Me
100%
so
100%
this
100%
to
100%
Too
100%
When
100%
when
100%
you
100%
You
100%
your
100%
alone
94%
always
94%
and
94%
And
94%
goes
94%
It
94%
it
94%
like
94%
my
94%
naive
94%
no
94%
not
94%
predicted
94%
stage
94%
the
94%
Then
94%
took
94%
up
94%
at
88%
Could've
88%
fool
88%
growing
88%
Kissed
88%
know
88%
love
88%
of
88%
off
88%
on
88%
still
88%
stole
88%
think
88%
thirty
88%
want
88%
Who
88%
youth
88%
as
81%
bone
81%
by
81%
game
81%
glamour
81%
Guess
81%
Human
81%
old
81%
play
81%
ran
81%
skin
81%
Were
81%
we're
81%
wore
81%
am
75%
But
75%
can't
75%
even
75%
felt
75%
have
75%
home
75%
light
75%
loved
75%
Made
75%
much
75%
must
75%
now
75%
Reduced
75%
surprised
75%
tell
75%
wanted
75%
watched
75%
you're
75%
Aphrodite
69%
instead
69%
killed
69%
thought
69%
version
69%
bed
63%
damn
63%
deceived
63%
glamor
63%
rise
63%
star
63%
with
63%
Woke
63%
that
56%
you'd
44%
No matching quizzes found
Score Distribution
Percent of People with Each Score
Percentile by Number Answered
Your Score History
You have not taken this quiz